La cerámica (Record no. 166955)

MARC details
000 -LEADER
campo de control de longitud fija 00631nam a22001695i 4500
001 - NÚMERO DE CONTROL
campo de control 166955
003 - IDENTIFICADOR DE NÚMERO DE CONTROL
campo de control ES-MaACL
005 - FECHA Y HORA DE LA ÚLTIMA TRANSACCIÓN
campo de control 20230906213431.0
008 - DATOS DE LONGITUD FIJA--INFORMACIÓN GENERAL
campo de control de longitud fija 050921s1894 sp | |||||||| ||spa d
040 ## - FUENTE DE CATALOGACIÓN
Centro catalogador/agencia de origen CAM
Lengua de catalogación spa
Centro/agencia transcriptor CAM
100 1# - ENTRADA PRINCIPAL--NOMBRE DE PERSONA
Nombre de persona Valls David, Rafael.
9 (RLIN) 133528
245 13 - MENCIÓN DEL TÍTULO
Título La cerámica
Resto del título : apuntes para su historia /
Mención de responsabilidad, etc. por Rafael Valls David.
260 ## - PUBLICACIÓN, DISTRIBUCIÓN, ETC.
Lugar de publicación, distribución, etc. Valencia :
Nombre del editor, distribuidor, etc. [s.n.],
Fecha de publicación, distribución, etc. 1894 (
Fabricante Imprenta de Juan Guix)
300 ## - DESCRIPCIÓN FÍSICA
Extensión 2 v. (145; 170 p.) ;
Dimensiones 25 cm.
650 #4 - PUNTO DE ACCESO ADICIONAL DE MATERIA--TÉRMINO DE MATERIA
Término de materia o nombre geográfico como elemento de entrada Cerámica-
Subdivisión general Historia.
9 (RLIN) 135759
852 ## - LOCALIZACIÓN
Ubicación ES-MaACL
Número de control de estantería T-840-F-5-6
Nota libre -- Enc. hol. conservando la cub. original
-- -- Enc. en un vol. facticio
-- 2 t. en 1 v.
Holdings
Estatus retirado Estado de pérdida Estado de daño No para préstamo Colección Biblioteca de origen Biblioteca actual Ubicación en estantería Fecha de adquisición Total de préstamos Signatura topográfica completa Código de barras Visto por última vez Precio de reemplazo Tipo de ítem Koha
        Colección de folletos Biblioteca del Ateneo de Madrid Biblioteca del Ateneo de Madrid Depósito folletos 17/01/2008   T-840-F-5-6 1175133 23/02/2023 23/02/2023 Folleto